000 00223nam a2200097Ia 4500
005 20251222114407.0
008 251222s1900||||xx |||||||||||||| ||spa||
082 _aDVD0060/C523O/2003
245 0 _aO garoto:The kid
942 _cDVD
999 _c1862
_d1862